High-Tech Lifeline (Record no. 210444)
[ view plain ]
| 000 -LEADER | |
|---|---|
| fixed length control field | 00734nam a22002297a 4500 |
| 005 - DATE AND TIME OF LATEST TRANSACTION | |
| control field | 20250324115155.0 |
| 010 ## - LCCN (DPL NO) | |
| LC control number | ENG-144165 |
| 020 ## - INTERNATIONAL STANDARD BOOK NUMBER | |
| Terms of availability | 300.00 |
| 035 ## - SYSTEM CONTROL NUMBER | |
| System control number | EN-127697 |
| 037 ## - SOURCE OF ACQUISITION | |
| Source of stock number/acquisition | DBAD |
| 082 ## - DEWEY DECIMAL CLASSIFICATION NUMBER | |
| Classification number | 503 |
| Edition number | 1 |
| 100 ## - MAIN ENTRY--PERSONAL NAME | |
| Personal name | Dr. Anil Gandhi |
| 245 ## - TITLE STATEMENT | |
| Title | High-Tech Lifeline |
| 246 ## - VARYING FORM OF TITLE | |
| Title proper/short title | Transforming Lives Through Transplants |
| 250 ## - EDITION STATEMENT | |
| Edition statement | Ist |
| 260 ## - PUBLICATION, DISTRIBUTION, ETC. (IMPRINT) | |
| Place of publication, distribution, etc | G.D. Ambedkar Marg, Wadala, Mumbai |
| Name of publisher, distributor, etc | Soniya Khare Inking Innovations |
| Date of publication, distribution, etc | 20 March 2014 |
| 270 ## - ADDRESS | |
| Address | Ground Floor, India Printing House 42,G.D Ambedkar Marg |
| City | Mumbai |
| Postal code | 400 031 |
| Telephone number | (022) 2418 6233 |
| Electronic mail address | ipw@vsnl.net |
| 300 ## - PHYSICAL DESCRIPTION | |
| Extent | 296,p |
| Dimensions | 21.4 cm(Pb) |
| 700 ## - ADDED ENTRY--PERSONAL NAME | |
| 9 (RLIN) | 76691 |
| Personal name | Dr. Anil Gandhi |
| Relator term | Editor |
| 760 ## - MAIN SERIES ENTRY | |
| Edition | 1 |
| 942 ## - ADDED ENTRY ELEMENTS (KOHA) | |
| Source of classification or shelving scheme | Dewey Decimal Classification |
| Item type | English Books |
| Classification part | 503 |
| Call number suffix | GAN |
| Withdrawn status | Lost status | Not for loan | Collection code | Home library | Current library | Date acquired | Cost, normal purchase price | Full call number | Barcode | Copy number | Cost, replacement price | Koha item type |
|---|---|---|---|---|---|---|---|---|---|---|---|---|
| Non-fiction | Patel Nagar | Patel Nagar | 24/03/2025 | 300.00 | 503 GAN | EN-127697 | 1 | 300.00 | English Books |
